[Event "DSOL 08 Liga Gr-B 1st"]
[Site "Playchess.com INT"]
[Date "2020.08.11"]
[Round "2.4"]
[White "Poetschlag, Aike"]
[Black "Wewer, Konstantin"]
[Result "1-0"]
[WhiteElo "963"]
[BlackElo "1000"]
[PlyCount "75"]
[EventDate "2020.06.22"]
[EventType "team-tourn (rapid)"]
[EventCountry "GER"]
[SourceTitle "EXT 2021"]
[Source "ChessBase"]
[SourceDate "2020.10.23"]
[SourceVersion "1"]
[SourceVersionDate "2020.10.23"]
[SourceQuality "1"]
[WhiteTeam "Greiz"]
[BlackTeam "Paderborn Blauer Springer VI"]
[WhiteTeamCountry "GER"]
[BlackTeamCountry "GER"]

1. d4 d5 2. Nf3 Nc6 3. c3 e6 4. e3 Nf6 5. Bd3 Ng4 6. 0-0 h5 7. h3 Qd6 8. Nbd2 a5 9. e4 b6 10. Qe2 Be7 11. Re1 e5 12. Nf1 exd4 13. Nxd4 Nxd4 14. cxd4 Be6 15. e5 Qd7 16. hxg4 Bxg4 17. f3 Bf5 18. Bxf5 Qxf5 19. Qb5+ Kf8 20. Qxd5 Rd8 21. Qe4 Qd7 22. Be3 h4 23. Qg4 Qc6 24. Rac1 Qb7 25. Bg5 Bxg5 26. Qxg5 Rd5 27. Ne3 f6 28. Qg4 Rb5 29. exf6 gxf6 30. Nf5 c6 31. Nd6 Qb8 32. Nxb5 cxb5 33. Rc8+ Qxc8 34. Qxc8+ Kg7 35. Re7+ Kg6 36. Qg4+ Kh6 37. Rg7 Rh7 38. Qg6# 1-0